Manufacturing cost policy deployment (MCPD) and methods design concept (MDC) <the> path to competitiveness
Uložené v:
| Hlavný autor: | |
|---|---|
| Ďalší autori: | |
| Médium: | Kniha |
| Jazyk: | English |
| Vydavateľské údaje: |
Boca Raton
CRC Press/Taylor & Francis Group
2017
|
| Predmet: | |
| Tagy: |
Žiadne tagy, Buďte prvý, kto otaguje tento záznam!
|
MARC
| LEADER | 00000nam a2200000 4500 | ||
|---|---|---|---|
| 001 | 0234993 | ||
| 005 | 20240221112949.9 | ||
| 020 | |a 978-1-4987-8557-0 | ||
| 041 | 0 | |a eng | |
| 044 | |a US | ||
| 245 | 1 | 0 | |a Manufacturing cost policy deployment (MCPD) and methods design concept (MDC) |b <the> path to competitiveness |c Alin Posteucǎ, Shigeyasu Sakamoto |
| 264 | 1 | |a Boca Raton |b CRC Press/Taylor & Francis Group |c 2017 | |
| 300 | |a xxxi, 401 s. | ||
| 610 | 2 | 0 | |a manažment produktový |
| 610 | 2 | 0 | |a náklady výrobné |
| 610 | 2 | 0 | |a konkurencieschopnosť |
| 610 | 2 | 0 | |a modely podnikateľské |
| 610 | 2 | 0 | |a produktivita |
| 100 | 1 | |a Posteucǎ, Alin | |
| 700 | 1 | |a Sakamoto, Shigeyasu | |